[Event "4NCL 2012-13"]
[Site "Staverton ENG"]
[Date "2013.01.12"]
[Round "3.154"]
[White "Pert, Richard G"]
[Black "Gao, Rui"]
[Result "1/2-1/2"]
[WhiteTitle "IM"]
[BlackTitle "IM"]
[WhiteElo "2454"]
[BlackElo "2450"]
[WhiteTeam "Wood Green, Hilsmark Kingfisher"]
[BlackTeam "Guildford"]
[WhiteFideId "404748"]
[BlackFideId "8602387"]
[EventDate "2012.11.03"]

1. d4 Nf6 2. Bg5 e6 3. e4 h6 4. Bxf6 Qxf6 5. c3 d5 6. Nd2 c5 7. Ngf3 Nc6 8. Bb5
cxd4 9. Nxd4 Bd7 10. O-O Qd8 11. N4f3 dxe4 12. Nxe4 Qc7 13. Qe2 Be7 14. Rad1 O-O
15. Rfe1 Rfd8 16. Ng3 Be8 17. Bd3 Rd5 18. Qe4 g6 19. c4 Ra5 20. Bb1 Bf6 21. b3
Rd8 22. Qe3 Bg7 23. h4 h5 24. c5 Rxd1 25. Rxd1 b6 26. cxb6 Qxb6 27. Qe4 Rb5 28.
Qe2 Ne7 29. Ng5 Rd5 30. Be4 Rxd1+ 31. Qxd1 Qd4 32. Qc2 Qc3 33. Qxc3 Bxc3 34. Ne2
Bf6 35. Nf4 Nc6 36. g3 a5 37. Kf1 Nd4 38. Ke1 Nb5 39. Bd3 Nc3 40. Ne4 Nxe4 41.
Bxe4 Kf8 42. Ng2 Ke7 43. Ne3 Kd6 44. Kd2 Kc5 45. Nc2 g5 46. hxg5 Bxg5+ 47. Kc3
f5 48. Bg2 h4 49. gxh4 Bxh4 50. b4+ axb4+ 51. Nxb4 Bf6+ 52. Kb3 Bb5 53. a3 Bd4
54. f3 Bf6 55. Kc2 Kd4 56. Kd2 Bg5+ 57. Ke1 Kc3 58. Kf2 Be7 59. f4 Bd6 60. Kg3
Kd2 61. Bb7 Ba4 62. Bc8 Bb3 63. Kf3 Bd1+ 64. Kg3 e5 65. fxe5 Bxe5+ 66. Kg2 f4
67. Bb7 Ke3 68. Nd5+ 1/2-1/2

[Event "4NCL 2012-13"]
[Site "Staverton ENG"]
[Date "2013.01.12"]
[Round "3.155"]
[White "Stefanova, Antoaneta"]
[Black "McDonald, Neil"]
[Result "1/2-1/2"]
[WhiteTitle "GM"]
[BlackTitle "GM"]
[WhiteElo "2491"]
[BlackElo "2454"]
[WhiteTeam "Guildford"]
[BlackTeam "Wood Green, Hilsmark Kingfisher"]
[WhiteFideId "2902257"]
[BlackFideId "400629"]
[EventDate "2012.11.03"]

1. d4 d5 2. c4 c6 3. cxd5 cxd5 4. Nc3 Nf6 5. Bf4 Nc6 6. e3 a6 7. Bd3 e6 8. Rc1
Be7 9. Nf3 O-O 10. O-O Bd7 11. Ne5 Re8 12. Qf3 Rc8 13. g4 g6 14. h4 Nxe5 15.
dxe5 Ne4 16. Nxe4 dxe4 17. Bxe4 Bb5 18. Rxc8 Qxc8 19. Ra1 Rd8 20. Bg5 Bxg5 21.
hxg5 Rd2 22. Kg2 Rxb2 23. Bxb7 Qc7 24. Ba8 Qxe5 25. Qf6 Qb8 26. Bf3 Rd2 27. Rc1
Rd8 28. Be4 Bd3 29. Bxd3 Rxd3 30. Qe7 Qd8 31. Qxd8+ Rxd8 32. Rc6 Rd5 33. Rxa6
Rxg5 34. Kf3 h5 35. gxh5 Rxh5 36. a4 Rh1 37. Ra8+ Kg7 38. Ke4 Kf6 39. f4 Ra1 40.
Ra7 Ra3 41. Kd4 g5 42. fxg5+ Kxg5 43. Rxf7 Rxa4+ 44. Ke5 Kg6 45. Rf6+ Kg7 46.
Rxe6 Kf7 47. Rc6 Ke7 48. Rc7+ Ke8 49. e4 Ra6 50. Kf5 Rb6 51. e5 Ra6 52. e6 Ra1
53. Kf6 1/2-1/2

[Event "4NCL 2012-13"]
[Site "Staverton ENG"]
[Date "2013.01.12"]
[Round "3.156"]
[White "Martin, Andrew D"]
[Black "Plaskett, H James"]
[Result "1/2-1/2"]
[WhiteTitle "IM"]
[BlackTitle "GM"]
[WhiteElo "2392"]
[BlackElo "2495"]
[WhiteTeam "Wood Green, Hilsmark Kingfisher"]
[BlackTeam "Guildford"]
[WhiteFideId "400300"]
[BlackFideId "400238"]
[EventDate "2012.11.03"]

1. Nf3 Nf6 2. c4 c5 3. g3 Nc6 4. Bg2 e6 5. O-O d5 6. cxd5 Nxd5 7. Nc3 Be7 8. b3
Bf6 9. Bb2 O-O 10. Qb1 b6 11. Re1 Ba6 12. a3 Nxc3 13. Bxc3 Rc8 14. b4 Nd4 15.
Nxd4 cxd4 16. Bb2 Qd7 17. Be4 h6 18. a4 Rfd8 19. b5 Bb7 20. Qd3 Bxe4 21. Qxe4
Rc4 22. d3 Rc2 23. Ba3 Bg5 24. Bc1 Be7 25. Ba3 Bxa3 26. Rxa3 Rdc8 27. Raa1 R8c7
28. h4 R7c5 29. a5 f5 30. Qf3 Rxb5 31. axb6 axb6 32. Reb1 Rxb1+ 33. Rxb1 Qc6 34.
Qf4 Rxe2 35. Qxd4 e5 36. Qc4+ Qxc4 37. dxc4 Rc2 38. Rxb6 Rxc4 39. Rb5 Rc1+ 40.
Kg2 Re1 41. f4 exf4 1/2-1/2

[Event "4NCL 2012-13"]
[Site "Staverton ENG"]
[Date "2013.01.12"]
[Round "3.157"]
[White "Cuenca Jimenez, Jose Fernando"]
[Black "Pein, Malcolm"]
[Result "0-1"]
[WhiteTitle "IM"]
[BlackTitle "IM"]
[WhiteElo "2490"]
[BlackElo "2376"]
[WhiteTeam "Guildford"]
[BlackTeam "Wood Green, Hilsmark Kingfisher"]
[WhiteFideId "2255570"]
[BlackFideId "400289"]
[EventDate "2012.11.03"]

1. e4 d6 2. d4 g6 3. Nc3 Nf6 4. Nf3 Bg7 5. h3 O-O 6. Be3 a6 7. a4 b6 8. e5 Nfd7
9. e6 fxe6 10. Bd3 Nf6 11. h4 Nc6 12. Ng5 e5 13. d5 Nb4 14. Be4 c6 15. h5 Nxe4
16. Ngxe4 Bf5 17. f3 e6 18. Bg5 Qd7 19. dxc6 Qxc6 20. O-O d5 21. Ng3 Qc5+ 22.
Kh1 h6 23. Bd2 Bxc2 24. Qc1 Qc4 25. Kg1 g5 26. b3 Qc5+ 27. Kh2 Bd3 28. Nce2 Nc2
29. Ra2 Nd4 30. Qe1 Nc2 31. Qc1 Nd4 32. Qe1 Nxe2 33. Nxe2 a5 34. Bc1 e4 35. f4
Qc7 36. g3 Rf5 37. fxg5 Rxf1 38. Qxf1 Rf8 39. Qe1 Rf3 40. Bf4 e5 41. Bc1 e3 42.
Kg1 e4 43. g6 d4 44. Ba3 Rf2 45. Qc1 Qxc1+ 46. Nxc1 Rxa2 47. Nxa2 e2 48. Kf2 e3+
49. Ke1 Be5 0-1

[Event "4NCL 2012-13"]
[Site "Staverton ENG"]
[Date "2013.01.12"]
[Round "3.158"]
[White "Hegarty, Sarah N"]
[Black "Kosten, Anthony C."]
[Result "1/2-1/2"]
[WhiteTitle "WFM"]
[BlackTitle "GM"]
[WhiteElo "2133"]
[BlackElo "2479"]
[WhiteTeam "Wood Green, Hilsmark Kingfisher"]
[BlackTeam "Guildford"]
[WhiteFideId "2501465"]
[BlackFideId "400114"]
[EventDate "2012.11.03"]

1. e4 e5 2. Nf3 Nc6 3. Bc4 Bc5 4. d3 Nf6 5. c3 a6 6. O-O Ba7 7. Bb3 d6 8. Be3
O-O 9. Nbd2 Ne7 10. Bxa7 Rxa7 11. d4 Ng6 12. Re1 h6 13. Nc4 Nd7 14. Qd2 Ra8 15.
Rad1 Qf6 16. Ne3 Nb6 17. c4 Re8 18. dxe5 Nxe5 19. Nxe5 Rxe5 20. Nd5 Nxd5 21.
exd5 Bf5 22. Rxe5 Qxe5 23. Re1 Qf6 24. Re3 Kf8 25. Ba4 Qh4 26. Qe2 b5 27. Bb3
bxc4 28. Bxc4 Qd4 29. h3 Bd7 30. Bb3 Re8 31. Rxe8+ Bxe8 32. Qxa6 Qxb2 33. Qc4
Qa1+ 34. Kh2 Qe5+ 35. Kg1 Qe1+ 36. Kh2 Qxf2 37. Qxc7 Qf4+ 38. Kg1 Qe3+ 39. Kh2
Qf4+ 40. Kg1 1/2-1/2

[Event "4NCL 2012-13"]
[Site "Staverton ENG"]
[Date "2013.01.12"]
[Round "3.161"]
[White "Ghasi, Ameet K"]
[Black "Rice, Chris B"]
[Result "1-0"]
[WhiteTitle "IM"]
[WhiteElo "2434"]
[BlackElo "2032"]
[WhiteTeam "Warwickshire Select"]
[BlackTeam "Jutes of Kent"]
[WhiteFideId "409200"]
[BlackFideId "404446"]
[EventDate "2012.11.03"]

1. Nf3 Nf6 2. g3 d5 3. Bg2 Bf5 4. O-O h6 5. c4 c6 6. cxd5 cxd5 7. Qb3 Qb6 8.
Qxb6 axb6 9. Nc3 Nc6 10. Nh4 Be6 11. Nb5 Rc8 12. d3 g5 13. Nf3 Bg7 14. Be3 g4
15. Nfd4 Nxd4 16. Bxd4 O-O 17. Rac1 Bd7 18. Nc3 Bc6 19. Bxb6 Nd7 20. Ba5 Ra8 21.
Bb4 d4 22. Nd5 Rxa2 23. Nxe7+ Kh7 24. Nxc6 1-0

[Event "4NCL 2012-13"]
[Site "Staverton ENG"]
[Date "2013.01.12"]
[Round "3.162"]
[White "Thorfinnsson, Bragi"]
[Black "Pitcher, John"]
[Result "1-0"]
[WhiteTitle "IM"]
[WhiteElo "2484"]
[BlackElo "2226"]
[WhiteTeam "Jutes of Kent"]
[BlackTeam "Warwickshire Select"]
[WhiteFideId "2300958"]
[BlackFideId "411485"]
[EventDate "2012.11.03"]

1. Nf3 d5 2. c4 c6 3. e3 Nf6 4. b3 Bg4 5. Bb2 e6 6. h3 Bh5 7. Nc3 Nbd7 8. g4 Bg6
9. Nh4 Ne4 10. Nxg6 Nxc3 11. Bxc3 hxg6 12. Qc2 Qc7 13. Bg2 O-O-O 14. d4 Kb8 15.
c5 e5 16. O-O-O exd4 17. exd4 Be7 18. b4 Nf8 19. Kb1 Ne6 20. Ka1 Bf6 21. Qb2 Qf4
22. Rd3 Rhe8 23. Rb1 Re7 24. a4 Rde8 25. Bf1 a6 26. f3 g5 27. Ka2 Qg3 28. Be1
Qc7 29. Bf2 Nf4 30. Rd2 Ne6 31. Qc3 Nf4 32. b5 cxb5 33. axb5 axb5 34. Rxb5 Re1
35. Bxe1 Rxe1 36. Rbb2 Rxf1 37. c6 1-0

[Event "4NCL 2012-13"]
[Site "Staverton ENG"]
[Date "2013.01.12"]
[Round "3.163"]
[White "Mason, Donald J"]
[Black "Camus de Solliers, Guillaume"]
[Result "0-1"]
[BlackTitle "FM"]
[WhiteElo "2222"]
[BlackElo "2346"]
[WhiteTeam "Warwickshire Select"]
[BlackTeam "Jutes of Kent"]
[WhiteFideId "405116"]
[BlackFideId "631256"]
[EventDate "2012.11.03"]

1. d4 Nf6 2. c4 e6 3. g3 c5 4. d5 exd5 5. cxd5 d6 6. Nc3 g6 7. Bg2 Bg7 8. Nf3
O-O 9. O-O Re8 10. Nd2 a6 11. a4 Nbd7 12. Nc4 Ne5 13. Na3 Bd7 14. f4 Neg4 15.
Nc4 Qe7 16. e4 b5 17. axb5 axb5 18. Rxa8 Rxa8 19. Nb6 Ra1 20. e5 dxe5 21. d6 Qd8
22. Nxd7 Qxd7 23. Bh3 e4 24. Qe2 h5 25. Qxb5 Qxd6 26. Bxg4 Nxg4 27. Qe8+ Kh7 28.
Nxe4 Bd4+ 29. Kg2 Qd5 30. Kh3 Kg7 31. Qe7 Qf5 32. Kg2 Qd5 33. Kh3 Ne3 34. Bxe3
Rxf1 35. Bxd4+ cxd4 36. Qf6+ Kg8 37. Qa6 Qe6+ 0-1

[Event "4NCL 2012-13"]
[Site "Staverton ENG"]
[Date "2013.01.12"]
[Round "3.164"]
[White "Johannesson, Ingvar Thor"]
[Black "Holt, Philip J"]
[Result "1-0"]
[WhiteTitle "FM"]
[WhiteElo "2340"]
[BlackElo "2235"]
[WhiteTeam "Jutes of Kent"]
[BlackTeam "Warwickshire Select"]
[WhiteFideId "2301490"]
[BlackFideId "406058"]
[EventDate "2012.11.03"]

1. Nf3 Nf6 2. d4 g6 3. c4 c5 4. d5 b5 5. cxb5 a6 6. bxa6 Bxa6 7. Nc3 d6 8. g3
Bg7 9. Bg2 Nbd7 10. Rb1 O-O 11. O-O Nb6 12. b3 Bc8 13. Re1 Ne8 14. Bb2 Nc7 15.
Qd2 Qd7 16. e4 Bb7 17. a4 c4 18. Qe3 Ra6 19. Nd2 Nca8 20. Bf1 f5 21. Nxc4 fxe4
22. Qd2 Nc7 23. Ne3 Raa8 24. a5 Rxa5 25. Na4 Rxd5 26. Nxd5 Nbxd5 27. Bxg7 Kxg7
28. Nc3 e5 29. Nxe4 Ne6 30. Bh3 Qe7 31. Bxe6 Qxe6 32. Ra1 h6 33. Ra7 Rf7 34. Rd1
Nf4 35. Rxb7 Nh3+ 36. Kg2 Rxb7 37. Qxd6 Qf5 38. Qd5 Re7 39. Rd2 Qg4 40. Kf1 Qf3
41. Rd1 Kh7 42. b4 Qh1+ 43. Ke2 Ng1+ 44. Kd2 Qxh2 45. Kc2 1-0

[Event "4NCL 2012-13"]
[Site "Staverton ENG"]
[Date "2013.01.12"]
[Round "3.165"]
[White "Weaving, Richard"]
[Black "Stebbings, Anthony J"]
[Result "1/2-1/2"]
[WhiteElo "2176"]
[BlackElo "2265"]
[WhiteTeam "Warwickshire Select"]
[BlackTeam "Jutes of Kent"]
[WhiteFideId "401161"]
[BlackFideId "402427"]
[EventDate "2012.11.03"]

1. e4 c5 2. Nc3 Nc6 3. Bb5 Nd4 4. Bc4 e6 5. Nge2 Nf6 6. O-O a6 7. d3 b5 8. Bb3
Nxb3 9. axb3 Bb7 10. Bg5 d6 11. f4 Be7 12. Ng3 O-O 13. f5 Nd7 14. Bxe7 Qxe7 15.
Nce2 g6 16. Nf4 exf5 17. exf5 Qe3+ 18. Rf2 Nf6 19. Qe1 Rae8 20. Qxe3 Rxe3 21.
Re2 Rfe8 22. Rae1 Rxe2 23. Rxe2 Rxe2 24. Nfxe2 Ng4 25. Nf1 Kg7 1/2-1/2

[Event "4NCL 2012-13"]
[Site "Staverton ENG"]
[Date "2013.01.12"]
[Round "3.166"]
[White "Kirk, Ezra"]
[Black "Hynes, Anthony M"]
[Result "1-0"]
[WhiteElo "2258"]
[BlackElo "2191"]
[WhiteTeam "Jutes of Kent"]
[BlackTeam "Warwickshire Select"]
[WhiteFideId "600067"]
[BlackFideId "411965"]
[EventDate "2012.11.03"]

1. d4 Nf6 2. c4 g6 3. Nc3 Bg7 4. Nf3 O-O 5. g3 d6 6. Bg2 Nc6 7. O-O a6 8. h3 Rb8
9. e4 b5 10. e5 Nd7 11. cxb5 axb5 12. Ng5 dxe5 13. Bxc6 exd4 14. Nxb5 Rb6 15.
Na7 Ra6 16. Nxc8 Rxc6 17. Na7 Rb6 18. Qa4 Ne5 19. f4 Nd3 20. Qc4 Nxb2 21. Bxb2
Rxb2 22. Nc6 Qd7 23. Ne5 Bxe5 24. fxe5 e6 25. Rf4 c5 26. Raf1 Qb7 27. Ne4 Ra8
28. a4 g5 29. Nf6+ Kg7 30. R4f2 Rxf2 31. Rxf2 Qb4 32. Qd3 Rh8 33. Nh5+ Kf8 34.
Qf3 Qb1+ 35. Kh2 1-0

[Event "4NCL 2012-13"]
[Site "Staverton ENG"]
[Date "2013.01.12"]
[Round "3.167"]
[White "Lam, Paul G M"]
[Black "Naylor, John"]
[Result "1/2-1/2"]
[WhiteElo "2123"]
[BlackElo "2153"]
[WhiteTeam "Warwickshire Select"]
[BlackTeam "Jutes of Kent"]
[WhiteFideId "411566"]
[BlackFideId "403172"]
[EventDate "2012.11.03"]

1. d4 d6 2. Bg5 Nd7 3. Nd2 Ngf6 4. e4 e5 5. d5 Be7 6. Be3 O-O 7. Qf3 c6 8. c4
Qa5 9. Bd3 Nc5 10. Bxc5 Qxc5 11. Ne2 Qb4 12. b3 cxd5 13. cxd5 Bg4 1/2-1/2

[Event "4NCL 2012-13"]
[Site "Staverton ENG"]
[Date "2013.01.12"]
[Round "3.168"]
[White "Summerscale, Claire E"]
[Black "James, Ann-Marie"]
[Result "0-1"]
[BlackTitle "WFM"]
[WhiteElo "1982"]
[BlackElo "2051"]
[WhiteTeam "Jutes of Kent"]
[BlackTeam "Warwickshire Select"]
[WhiteFideId "410926"]
[BlackFideId "403644"]
[EventDate "2012.11.03"]

1. d4 Nf6 2. Nc3 d5 3. Bg5 h6 4. Bxf6 exf6 5. e3 Bb4 6. a3 Bxc3+ 7. bxc3 c5 8.
c4 Qa5+ 9. Qd2 Qxd2+ 10. Kxd2 dxc4 11. Bxc4 cxd4 12. exd4 O-O 13. Ne2 Nc6 14.
Rab1 Rd8 15. c3 Na5 16. Bd3 Be6 17. Rb5 b6 18. Nf4 Rac8 19. Nxe6 fxe6 20. Re1
Kf7 21. f4 Rd6 22. g4 g5 23. fxg5 hxg5 24. h4 a6 25. Rb2 gxh4 26. Rh1 Rh8 27.
Bxa6 e5 28. Ke3 exd4+ 29. cxd4 Re8+ 30. Kf3 Rh8 31. Ke3 Re8+ 32. Kf3 Rxd4 33.
Rxh4 Re6 34. Rc2 Nc6 35. Bc8 Red6 36. Bf5 Ra4 37. Rh7+ Kg8 38. Rc3 Nd4+ 39. Ke3
Nxf5+ 0-1

[Event "4NCL 2012-13"]
[Site "Staverton ENG"]
[Date "2013.01.12"]
[Round "3.171"]
[White "Morrison, Graham SCO"]
[Black "Cobb, James"]
[Result "0-1"]
[WhiteTitle "FM"]
[BlackTitle "IM"]
[WhiteElo "2352"]
[BlackElo "2423"]
[WhiteTeam "Barbican 4NCL"]
[BlackTeam "South Wales Dragons"]
[WhiteFideId "2400090"]
[BlackFideId "1800949"]
[EventDate "2012.11.03"]

1. d4 g6 2. Nf3 Bg7 3. e4 d6 4. Be2 Nd7 5. O-O e6 6. Nc3 Ne7 7. a4 a5 8. Re1 b6
9. Bf1 Bb7 10. b3 h6 11. h4 Nf6 12. Ba3 O-O 13. g3 Ng4 14. Bg2 Qd7 15. Qd3 Rad8
16. Rad1 Qc8 17. Nb5 Ba6 18. c4 e5 19. Qc2 exd4 20. Nfxd4 Ne5 21. Qe2 Rfe8 22.
h5 g5 23. f4 N5c6 24. Nxc6 Nxc6 25. e5 Bxb5 26. axb5 Nb4 27. Bxb4 axb4 28. Bc6
Re7 29. Kg2 gxf4 30. gxf4 Qf5 31. Be4 Qxf4 32. exd6 Re5 33. Qf3 Rg5+ 34. Kf1 Qh2
35. Qf2 Qxf2+ 36. Kxf2 Rxd6 37. Rxd6 cxd6 38. Bf3 Bd4+ 39. Ke2 Kg7 40. Kd3 Bc5
41. Re2 Kf6 42. Re1 Rg3 43. Ke4 Kg5 44. Rf1 f5+ 45. Kd5 Rg1 46. Rxg1+ Bxg1 47.
Ke6 Bc5 48. Bd1 Kf4 49. Bc2 Ke3 50. Kxf5 Kd2 51. Be4 Kc3 52. Kg6 Kxb3 53. Kxh6
Kxc4 54. Kg6 d5 55. Bb1 d4 56. Bd3+ Kxd3 57. h6 Bd6 58. Kf6 Ke4 0-1

[Event "4NCL 2012-13"]
[Site "Staverton ENG"]
[Date "2013.01.12"]
[Round "3.173"]
[White "Chapman, Terry P D"]
[Black "Zeidler, Sven P."]
[Result "1-0"]
[BlackTitle "FM"]
[WhiteElo "2279"]
[BlackElo "2281"]
[WhiteTeam "Barbican 4NCL"]
[BlackTeam "South Wales Dragons"]
[WhiteFideId "413399"]
[BlackFideId "1800604"]
[EventDate "2012.11.03"]

1. Nf3 f5 2. e4 fxe4 3. Ng5 e5 4. d3 e3 5. Bxe3 Nc6 6. c4 Be7 7. Nc3 Nf6 8. Be2
O-O 9. O-O Nd4 10. Nf3 Nxe2+ 11. Qxe2 d5 12. cxd5 Bg4 13. h3 Bh5 14. Bg5 Nd7 15.
Bxe7 Qxe7 16. g4 Bg6 17. Rfe1 Rae8 18. Qe3 h5 19. Ng5 hxg4 20. hxg4 Qb4 21. f3
Qxb2 22. Rac1 Qb6 23. Kg2 Qa5 24. Rh1 Rf6 25. Qe1 Bxd3 26. Ne6 Nf8 27. Ne4 Qxa2+
28. Kg3 Nxe6 29. Nxf6+ gxf6 30. dxe6 Qxe6 31. Rxc7 f5 32. Rh8+ Kxh8 33. Qh1+ Kg8
34. Qh7+ 1-0

[Event "4NCL 2012-13"]
[Site "Staverton ENG"]
[Date "2013.01.12"]
[Round "3.174"]
[White "Redmond, John P."]
[Black "Taylor, Martin R"]
[Result "1-0"]
[BlackTitle "FM"]
[WhiteElo "2236"]
[BlackElo "2336"]
[WhiteTeam "South Wales Dragons"]
[BlackTeam "Barbican 4NCL"]
[WhiteFideId "2500051"]
[BlackFideId "407836"]
[EventDate "2012.11.03"]

1. Nf3 d5 2. d4 Nf6 3. c4 c6 4. Nc3 e6 5. Bg5 dxc4 6. e4 b5 7. e5 h6 8. Bh4 g5
9. Bg3 Nd5 10. Be2 Nd7 11. a4 Bb4 12. O-O Qb6 13. Nxd5 exd5 14. e6 fxe6 15. Qc2
Nf8 16. Ne5 h5 17. Ng6 Rh6 18. Nxf8 Bxf8 19. Bxh5+ Kd7 20. Qd1 Bg7 21. Qf3 Qd8
22. Bg4 Qf6 23. Qa3 Bf8 24. Qe3 Bg7 25. axb5 Qxd4 26. Qa3 Be5 27. bxc6+ Kxc6 28.
Qa4+ Kc7 29. Rfd1 Qxb2 30. Rab1 Qc3 31. Rbc1 Bd7 32. Bxe5+ Qxe5 33. Qa5+ Kc8 34.
Rxc4+ Kb7 35. Rb1+ 1-0

[Event "4NCL 2012-13"]
[Site "Staverton ENG"]
[Date "2013.01.12"]
[Round "3.175"]
[White "Coleman, David J"]
[Black "Jameson, David"]
[Result "1-0"]
[WhiteTitle "CM"]
[WhiteElo "2268"]
[BlackElo "2143"]
[WhiteTeam "Barbican 4NCL"]
[BlackTeam "South Wales Dragons"]
[WhiteFideId "402087"]
[BlackFideId "1801538"]
[EventDate "2012.11.03"]

1. e4 e5 2. d4 exd4 3. Qxd4 Nc6 4. Qe3 Nf6 5. Nc3 Bb4 6. Bd2 O-O 7. O-O-O Re8 8.
Qg3 Nxe4 9. Nxe4 Rxe4 10. c3 Bc5 11. Bd3 Re8 12. Nf3 d5 13. Ng5 Qf6 14. Bxh7+
Kf8 15. Qh4 Bf5 16. g4 Bg6 17. f4 Ke7 18. Bxg6 fxg6 19. Qg3 Kd7 20. Qd3 Ne7 21.
Rhe1 Bd6 22. Qb5+ Nc6 23. Qxd5 Rxe1 24. Rxe1 Re8 25. Rxe8 Kxe8 26. Qg8+ Ke7 27.
Ne4 Qf7 28. Qxf7+ Kxf7 29. Nxd6+ cxd6 30. Kc2 Ke6 31. Kd3 g5 32. f5+ Kf6 33. h3
g6 34. fxg6 Kxg6 35. Ke4 Ne5 36. Kd5 Nf7 37. Ke6 Ne5 38. b3 Nf3 39. Be3 Ne1 40.
Bxa7 1-0

[Event "4NCL 2012-13"]
[Site "Staverton ENG"]
[Date "2013.01.12"]
[Round "3.176"]
[White "Morris, Charles F"]
[Black "Sands, David A"]
[Result "1/2-1/2"]
[WhiteElo "2155"]
[BlackElo "2235"]
[WhiteTeam "South Wales Dragons"]
[BlackTeam "Barbican 4NCL"]
[WhiteFideId "1800140"]
[BlackFideId "402060"]
[EventDate "2012.11.03"]

1. c4 c5 2. g3 Nc6 3. Bg2 g6 4. Nc3 Bg7 5. Nf3 d6 6. O-O Bf5 7. h3 Qc8 8. Kh2
Nf6 9. d3 O-O 10. e4 Bd7 11. Be3 a6 12. Qd2 Re8 13. Bg5 Qd8 14. Nd5 e6 15. Nxf6+
Bxf6 16. Qf4 Bxg5 17. Nxg5 f6 18. Nf3 e5 19. Qh6 Qe7 20. Ne1 Nd4 21. f4 Rf8 22.
Rc1 b5 23. Nc2 Nxc2 24. Rxc2 Rab8 25. Rcf2 a5 26. Qh4 Kg7 27. f5 g5 28. Qg4 Be8
29. Qd1 h5 30. Bf3 Rh8 31. Kg1 b4 32. Be2 a4 33. Qd2 Kf8 34. Bd1 Qa7 35. Kh2 Ke7
36. Qe3 Kd8 37. Qd2 Ke7 38. Qe3 Kd8 1/2-1/2

[Event "4NCL 2012-13"]
[Site "Staverton ENG"]
[Date "2013.01.12"]
[Round "3.177"]
[White "O'Toole, George E"]
[Black "James, David"]
[Result "1-0"]
[BlackTitle "FM"]
[WhiteElo "2204"]
[BlackElo "2147"]
[WhiteTeam "Barbican 4NCL"]
[BlackTeam "South Wales Dragons"]
[WhiteFideId "412732"]
[BlackFideId "1800272"]
[EventDate "2012.11.03"]

1. e4 c5 2. c3 d5 3. exd5 Qxd5 4. d4 Nc6 5. Nf3 Bg4 6. Be2 cxd4 7. cxd4 e6 8. h3
Bh5 9. a3 Nf6 10. Nc3 Qa5 11. O-O Bd6 12. Be3 O-O 13. Qb3 Ne7 14. Rad1 Ned5 15.
Bc1 Rac8 16. Qxb7 Nxc3 17. bxc3 Rc7 18. Qb1 Qxc3 19. Bd3 Bxf3 20. gxf3 Qa5 21.
d5 exd5 22. Bg5 Qb6 23. Bxf6 Qxb1 24. Bxb1 gxf6 25. Rxd5 Be5 26. Be4 Rfc8 27.
Ra5 Rd8 28. Kg2 Rd2 29. h4 h6 30. Kh3 Bd4 31. Rd5 Bc3 32. Rh5 Bd4 33. Rxh6 Bxf2
34. Rb1 Bb6 35. Rxf6 Kg7 36. Rf5 Rc3 37. a4 Rc5 38. Rxc5 Bxc5 39. Rc1 Bb6 40.
Rc6 Ra2 41. Rc4 Rd2 42. Rc6 Rd4 43. h5 f6 44. Kg4 Rxa4 45. Rc2 Rd4 46. Kf5 Rd6
47. Rg2+ Kh7 48. Rg6 Bd4 49. Rg2 a5 50. Rc2 a4 51. Rc7+ Kh6 52. Kg4 f5+ 53. Bxf5
Bg7 54. Ra7 Rd4+ 55. Be4 Rd6 56. Rxa4 Rf6 57. Ra8 Rf8 58. Ra7 Rf6 59. Bg6 Rf8
60. f4 Rf6 61. f5 Rd6 62. Rf7 Rf6 63. Rd7 Ra6 64. Kf3 Ra3+ 65. Ke4 Ra4+ 66. Kd3
Ra6 67. Kc4 Rf6 68. Kd5 Ra6 69. Rb7 Rf6 70. Ra7 Rb6 71. Be8 Rf6 72. Ke4 Rd6 73.
Ra4 Rf6 74. Rc4 Rf8 75. Bg6 Rf6 76. Kd5 Ra6 77. Rc5 Rf6 78. Ke4 Ra6 79. Be8 Rf6
80. Rc2 Rf8 81. Bg6 Rf6 82. Rg2 Ra6 83. Be8 Rb6 84. Bd7 Rf6 85. Be6 Bh8 86. Kd5
Rf8 1-0

[Event "4NCL 2012-13"]
[Site "Staverton ENG"]
[Date "2013.01.12"]
[Round "3.178"]
[White "Owens, Megan R"]
[Black "Regan, Natasha K"]
[Result "0-1"]
[BlackTitle "WIM"]
[WhiteElo "1847"]
[BlackElo "2074"]
[WhiteTeam "South Wales Dragons"]
[BlackTeam "Barbican 4NCL"]
[WhiteFideId "1801996"]
[BlackFideId "403067"]
[EventDate "2012.11.03"]

1. c4 e5 2. g3 Nc6 3. Bg2 g6 4. Nc3 Bg7 5. e3 f5 6. Nge2 Nf6 7. d4 d6 8. O-O O-O
9. Rb1 Kh8 10. b4 a6 11. Re1 f4 12. d5 fxg3 13. fxg3 Ne7 14. e4 c6 15. c5 cxd5
16. exd5 Bf5 17. Rb3 Rc8 18. Ba3 Bh6 19. Bc1 Bg7 20. Ba3 Ng4 21. Na4 Ng8 22. Nb6
Rc7 23. Nc4 Qg5 24. Bc1 Qh5 25. h3 Nf2 26. Qd2 Bxh3 27. Qg5 Qxg5 28. Bxg5 Bxg2
29. Kxg2 Ne4 30. Be3 dxc5 31. d6 Rc6 32. bxc5 Nxc5 33. Rb6 Nd3 34. Rd1 Rxc4 35.
Rxd3 Rc2 36. Rd2 Rxd2 37. Bxd2 Rd8 38. Bb4 Rd7 39. Nc3 Nf6 40. Kf3 e4+ 41. Ke2
Kg8 42. Bc5 Bf8 43. Ke3 Kf7 44. Kd4 Ke6 45. Nxe4 Nxe4 46. Kxe4 Bxd6 47. a3 h5
48. Bxd6 Rxd6 49. Rxb7 Kf6 50. Rc7 Kg5 51. Rc3 Rf6 52. Rb3 Kg4 53. Rc3 g5 54.
Rc5 Re6+ 55. Kd4 h4 56. gxh4 Kxh4 57. Rc1 g4 58. Rh1+ Kg3 59. Rh7 Kg2 60. Rg7 g3
61. Rf7 Kg1 62. Rf5 g2 63. Kd3 Kh2 64. Rh5+ Kg3 65. Rg5+ Kf3 0-1

[Event "4NCL 2012-13"]
[Site "Staverton ENG"]
[Date "2013.01.12"]
[Round "3.181"]
[White "Ledger, Andrew J"]
[Black "Palliser, Richard J D"]
[Result "0-1"]
[WhiteTitle "IM"]
[BlackTitle "IM"]
[WhiteElo "2402"]
[BlackElo "2453"]
[WhiteTeam "Blackthorne Russia"]
[BlackTeam "White Rose"]
[WhiteFideId "400610"]
[BlackFideId "407372"]
[EventDate "2012.11.03"]

1. c4 g6 2. g3 Bg7 3. Bg2 d6 4. Nc3 Nf6 5. e4 O-O 6. Nge2 e5 7. O-O Be6 8. d3 c6
9. b3 Na6 10. d4 Qa5 11. d5 cxd5 12. exd5 Bf5 13. h3 h5 14. Bg5 Nc5 15. f3 e4
16. Bxf6 Bxf6 17. fxe4 Bxc3 18. Nxc3 Qxc3 19. exf5 Qxg3 20. Qd2 Rae8 21. Rf3 Qh4
22. Raf1 g5 23. Re3 Nd7 24. f6 Kh7 25. Re7 Nxf6 26. Rxb7 g4 27. Qd4 Re1 28. Rxa7
Rxf1+ 29. Bxf1 Re8 30. Qf4 Kg7 31. b4 Re4 32. Qf2 g3 33. Qd2 Rd4 34. Qe3 Rd1 35.
Ra3 Ne4 36. Qf3 Qxh3 37. Qg2 Qh2+ 38. Qxh2 gxh2+ 39. Kxh2 Rxf1 40. b5 Rf2+ 41.
Kg1 Rb2 42. Re3 Nc5 0-1